Java and web design/ (Record no. 5983)

MARC details
000 -LEADER
fixed length control field 00668nam a22002177a 4500
003 - CONTROL NUMBER IDENTIFIER
control field OSt
005 - DATE AND TIME OF LATEST TRANSACTION
control field 20251121111930.0
008 - FIXED-LENGTH DATA ELEMENTS--GENERAL INFORMATION
fixed length control field 251121b |||||||| |||| 00| 0 eng d
020 ## - INTERNATIONAL STANDARD BOOK NUMBER
International Standard Book Number 978168095877
040 ## - CATALOGING SOURCE
Original cataloging agency DWCL-Main lib
Transcribing agency OC
082 ## - DEWEY DECIMAL CLASSIFICATION NUMBER
Classification number Res. 005.13 J11 2017
100 ## - MAIN ENTRY--PERSONAL NAME
Personal name 3G ELEARNING FZ LLC
245 ## - TITLE STATEMENT
Title Java and web design/
Statement of responsibility, etc. 3G ELEARNING FZ LLC
260 ## - PUBLICATION, DISTRIBUTION, ETC.
Place of publication, distribution, etc. USA:
Name of publisher, distributor, etc. 3G E-learning ,
Date of publication, distribution, etc. c2017
300 ## - PHYSICAL DESCRIPTION
Extent xii, 304 pages :
Other physical details illustrations (chiefly colors) ;
Dimensions 24cm.
504 ## - BIBLIOGRAPHY, ETC. NOTE
Bibliography, etc. note Includes index.
650 ## - SUBJECT ADDED ENTRY--TOPICAL TERM
Topical term or geographic name entry element 1. Java ( computer programming)
650 ## - SUBJECT ADDED ENTRY--TOPICAL TERM
Topical term or geographic name entry element 2. Web application security
650 ## - SUBJECT ADDED ENTRY--TOPICAL TERM
Topical term or geographic name entry element 3.Web design
942 ## - ADDED ENTRY ELEMENTS (KOHA)
Source of classification or shelving scheme Dewey Decimal Classification
Koha item type Book- Reserved
Call number prefix Res.
Suppress in OPAC No

No items available.